Up on Cove Mountain: Adventure, Tragedy, and a ... Read More
Available copies
- 0 of 1 copy available at LARL/NWRL Consortium.
- 0 of 1 copy available at Lake Agassiz Regional Library. (Show preferred library)
Current holds
0 current holds with 1 total copy.
Show Only Available Copies
| Location | Call Number / Copy Notes | Barcode | Shelving Location | Status | Due Date |
|---|---|---|---|---|---|
| LARL Cataloging | LARL160494 (Text) | LARL160494 | New | On order | - |
Record details
- ISBN: 9780063265431
- ISBN: 0063265435
- Publisher: Mariner Books 2026
| LDR | 00478nam a22001455a 4500 | ||
|---|---|---|---|
| 001 | 489990 | ||
| 003 | LARL_NWRL_CONSORTIUM | ||
| 008 | 260611s2026 |||| ||| |||||||||||| | ||
| 020 | . | ‡a9780063265431 ‡c$32.50 | |
| 020 | . | ‡a0063265435 ‡c$32.50 | |
| 100 | 1 | . | ‡aSwift, Earl |
| 245 | 1 | 0. | ‡aUp on Cove Mountain: Adventure, Tragedy, and a Quest for Meaning on the Appalachian Trail |
| 260 | . | ‡bMariner Books ‡c2026 | |
| 263 | . | ‡a08/18/2026 ‡b2026-08-18 ‡c2026-08 | |
| 264 | . | ‡bMariner Books ‡c2026 | |
| 961 | . | ‡aZRO_L_CATALOGING ‡b1 ‡cNew ‡fpm ‡iBook ‡p32.50 | |
| 962 | . | ‡aANF 6-11-26 | |
| 905 | . | ‡uvanderl | |
| 901 | . | ‡a489990 ‡bAUTOGEN ‡c489990 ‡tbiblio ‡sIngram On-Order | |

Add to basket
Permalink
Disable Highlighting